Taylor Swift - Paroles peace - Statistiques

Statistiques générales
  • Ce quiz a été pris 44 fois
  • Le résultat moyen est 239 sur 289
Statistiques - réponses
Hint Réponse % Correct
I
100%
peace
100%
peace?
100%
a
96%
could
96%
give
96%
Give
96%
never
96%
you
96%
You
96%
be
93%
Refrain But
93%
but
93%
If
93%
if
93%
is
93%
Is
93%
it
93%
my
93%
the
93%
The
93%
would
93%
Would
93%
your
93%
Couplet 2 Your
93%
and
89%
And
89%
enough
89%
enough?
89%
me
89%
when
89%
As
86%
as
86%
child
86%
come
86%
I'd
86%
I'll
86%
No,
86%
of
86%
on
86%
people
86%
see
86%
that
86%
to
86%
brother
82%
die
82%
each
82%
for
82%
friend
82%
I'm
82%
in
82%
it's
82%
It's
82%
only
82%
other
82%
two
82%
you're
82%
fire,
79%
know
79%
with
79%
All
75%
best
75%
comes
75%
details,
75%
got
75%
keep
75%
like
75%
love's
75%
secret
75%
show
75%
there's
75%
these
75%
think
75%
understand
75%
always
71%
gonna
71%
had
71%
heart
71%
now
71%
warm
71%
'Cause
68%
clowns
68%
devil's
68%
east,
68%
friends
68%
silence
68%
sunshine,
68%
wall
68%
west
68%
blues
64%
coming
64%
courage
64%
makes
64%
ocean
64%
paint
64%
rain
64%
small
64%
standing
64%
trenches
64%
convictions
61%
Family
61%
fences
61%
gone
61%
honor
61%
integrity
61%
robbers
61%
seem
61%
shit
61%
talk
61%
wasting
61%
wave
61%
wild,
61%
age
57%
chose,
57%
lives
57%
Couplet 1 Our
57%
cascade
54%
dreamscapes
54%
just
54%
long
54%
near
54%
danger
50%
has
50%
Sit
50%
swing
50%
around
46%
clear
46%
darling
46%
summer,
46%
corner,
43%
Suddenly
43%
brittle
39%
Aucun quiz correspondant
Distribution des résultats
% des personnes avec chaque résultat
Percentile par nombre de réponses
Votre historique - résultats
Vous n’avez pas pris ce quiz